Milwaukee Bucks 2000's Starters - Statistics

General Stats
  • This quiz has been taken 124 times
  • The average score is 8 of 28
Answer Stats
Player Starts % Correct
Ray Allen 4
91%
Michael Redd 5
82%
Ervin Johnson 1
63%
Glenn Robinson 3
63%
Andrew Bogut 3
62%
Mo Williams 3
57%
Scott Williams 1
57%
Sam Cassell 4
53%
Joe Smith 2
48%
Tim Thomas 2
27%
T.J. Ford 2
26%
Anthony Mason 2
23%
Desmond Mason 2
23%
Dan Gadzuric 2
21%
Charlie Villanueva 1
16%
Luke Ridnour 1
16%
Richard Jefferson 1
15%
Charlie Bell 1
13%
Bobby Simmons 1
12%
Ramon Sessions 1
11%
Yi Jianlian 1
11%
Jamaal Magloire 1
8%
Joel Przybilla 1
8%
Luc Mbah a Moute 1
8%
Ruben Patterson 1
8%
Jason Caffey 1
7%
Mark Pope 1
5%
Brian Skinner 1
3%
No matching quizzes found
Score Distribution
Percent of People with Each Score
Percentile by Number Answered
Your Score History
You have not taken this quiz